Statistieken voor Willekeurige Europese Vlag naar Land

Klik hier om de quiz te nemen!

Algemene statistieken

  • Deze quiz is 6.095 keer genomen
  • De gemiddelde score is 9 van 10

Antwoordstatistieken

Antwoord% Correct
Italië
96%
Frankrijk
94%
Nederland
94%
Zwitserland
94%
België
93%
Duitsland
93%
Finland
93%
Ierland
93%
Kroatië
93%
Polen
93%
Zweden
93%
Griekenland
92%
Portugal
92%
Rusland
92%
Spanje
92%
Verenigd Koninkrijk
92%
Albanië
91%
Luxemburg
91%
Noorwegen
91%
Oekraïne
91%
Hongarije
89%
IJsland
89%
Denemarken
88%
Estland
88%
Oostenrijk
87%
Noord-Macedonië
85%
Slovenië
84%
Tsjechië
84%
Roemenië
83%
Slowakije
83%
Vaticaanstad
83%
Bosnië en Herzegovina
82%
Bulgarije
82%
Kosovo
82%
Malta
81%
Belarus
78%
San Marino
78%
Servië
77%
Monaco
76%
Letland
75%
Montenegro
74%
Liechtenstein
73%
Litouwen
73%
Moldavië
71%
Andorra
70%

Scoreverdeling

Percentiel versus Aantal Correcte Antwoorden

Procent van Mensen met Elke Score

Uw Scoregeschiedenis

U heeft deze quiz nog niet genomen